[Event "31st Roquetas de Mar Open 2020"]
[Site "Roquetas de Mar"]
[Date "2020.01.05"]
[Round "5.15"]
[White "Ajay Karthikeyan"]
[Black "Raja Harshit"]
[Result "0-1"]
[WhiteElo "2249"]
[BlackElo "2482"]
[Annotator "TA"]
[PlyCount "88"]
[EventDate "2020.01.02"]
[EventType "swiss"]
[EventCountry "ESP"]
[SourceTitle "playchess.com"]
[Source "ChessBase"]
[SourceQuality "1"]

{[%evp 9,94,0,0,-32,-10,-33,-35,-36,-45,-38,-29,-55,0,0,32,14,97,87,83,114,119,116,229,7,165,165,170,162,187,183,201,195,213,166,146,147,158,156,166,165,144,146,151,146,169,56,68,-136,-119,-274,-267,-253,-246,-402,-398,-387,-387,-969,-893,-1042,-997,-1357,-1328,-2557,-2491,-2325,-2302,-29969,-29970,-4947,-2625,-29972,-29975,-29975,-29974,-29976,-29977,-29977,-29976,-29984,-29978,-29987,-29988,-29988,-29989,-29990,-29991]} 1. d4 Nf6 2. Bf4 g6 3. Nc3 d5 4. Qd2 (4. e3 Bg7 5. h4 c5 6. Nb5 O-O 7. Nc7 Nh5 8. Bh2 cxd4 9. exd4 Nc6 10. Nxa8 e5 11. Be2 Nxd4 12. Bxh5 gxh5 {1-0 (39) Alekseenko,K (2704)-Ivanisevic,I (2593) Moscow 2019}) 4... Bg7 5. O-O-O c6 6. e4 {A45: Trompowsky Attack} dxe4 7. f3 exf3 8. Nxf3 {Black is slightly better.} O-O 9. Bh6 b5 10. Bd3 Qa5 (10... Bg4 $15) 11. Rde1 $11 b4 $146 12. Nb1 $1 c5 (12... Ba6 $11 {keeps the balance.} 13. Bxg7 (13. Rxe7 Nd5 $11) 13... Kxg7) 13. h4 $16 {h5 is the strong threat.} (13. Rxe7 Bxh6 14. Qxh6 Nc6 $15) 13... Nc6 (13... Qxa2 $2 14. Bxg7 Kxg7 15. h5 $18) 14. Bxg7 Kxg7 15. d5 $1 $36 {[%cal Rd5c6][%mdl 2048] Keeping Black busy.} Nxd5 (15... Nd4 $16) 16. Ne5 $2 ({White must play} 16. h5 $1 $18 {[%cal Rh5g6]} b3 17. axb3 Qxd2+ 18. Nbxd2) 16... b3 $2 (16... Nxe5 $11 {and Black stays safe.} 17. Rxe5 Bb7) 17. Nxc6 $18 Qxd2+ 18. Kxd2 bxa2 19. Nc3 Nxc3 20. Kxc3 (20. bxc3 $6 Bb7 $16) 20... Bb7 21. Na5 ({Stronger than} 21. Nxe7 Rfe8 $11) 21... Bxg2 22. Rhg1 Bd5 23. Rxe7 Rfe8 24. Rc7 Re3 25. Rxc5 Be4 26. Nc4 Rh3 27. h5 (27. Nd6 $18 Bxd3 28. cxd3) 27... Rd8 $14 {[%cal Re4d3]} 28. hxg6 $2 (28. Ra1 $14 {keeps the upper hand.}) 28... Bxd3 $17 29. gxf7+ $2 ({Not} 29. cxd3 $2 Rhxd3+ 30. Kc2 Rd1 $1 $19 {[%mdl 512]}) (29. gxh7+ $17 Bg6+ {[%mdl 64] Discovered Attack} 30. Kb4) 29... Bg6+ $19 30. Kb4 Rb8+ ({Weaker is} 30... Kxf7 31. Ne5+ Kf6 32. Nxg6 $15) 31. Rb5 $2 (31. Ka5 {was forced.}) 31... Rxb5+ 32. Kxb5 {[%mdl 4096] Endgame [#] KRB-KRN} Rh2 $1 33. c3 $2 (33. Ne3 Re2 34. Nf5+ Kxf7 35. Nd4 Rxc2 36. Nxc2 Bxc2 37. Ra1) 33... Kxf7 {Strongly threatening ...Bb1.} 34. Ra1 Bb1 35. Kc5 h5 36. b4 h4 37. Ne5+ Kg8 38. Kd4 h3 39. Nf3 Re2 40. c4 h2 {Black mates.} 41. Nxh2 Rxh2 {KRB-KR} 42. b5 Kf7 43. Kd5 Ke7 44. Kc6 Rh5 {Played: Rh2-c2} 0-1

[Event "31st Roquetas de Mar Open 2020"]
[Site "Roquetas de Mar"]
[Date "2020.01.05"]
[Round "5.16"]
[White "Gascon Del Nogal, Jose Rafael"]
[Black "Nawin J J"]
[Result "1-0"]
[WhiteElo "2466"]
[BlackElo "1993"]
[Annotator "ChessBase"]
[PlyCount "85"]
[EventDate "2020.01.02"]
[EventType "swiss"]
[EventCountry "ESP"]
[SourceTitle "playchess.com"]
[Source "ChessBase"]
[SourceQuality "1"]
[TimeControl "5400+30"]

1. e4 {[%emt 0:03:37]} c5 {[%emt 0:00:10]} 2. Nf3 {[%emt 0:00:06]} a6 {[%emt 0:00:18]} 3. c3 {[%emt 0:00:07]} d5 {[%emt 0:00:16]} 4. exd5 {[%emt 0:00:09]} Qxd5 {[%emt 0:00:18]} 5. d4 {[%emt 0:00:48]} e6 {[%emt 0:02:24]} 6. Bd3 {[%emt 0:01:12]} Nf6 {[%emt 0:04:33]} 7. O-O {[%emt 0:00:06]} Nc6 {[%emt 0:00:58]} 8. Re1 {[%emt 0:01:35]} Be7 {[%emt 0:03:24]} 9. Be3 {[%emt 0:06:05]} cxd4 {[%emt 0:01:27]} 10. cxd4 {[%emt 0:00:42]} O-O {[%emt 0:00:38]} 11. Nc3 {[%emt 0:00:05]} Qd6 {[%emt 0:02:05]} 12. Rc1 {[%emt 0:00:08]} b5 {[%emt 0:04:05]} 13. Bg5 {[%emt 0:03:15]} Bb7 {[%emt 0:04:44]} 14. Bxf6 {[%emt 0:00:20]} Bxf6 {[%emt 0:05:15]} 15. Ne4 {[%emt 0:00:10]} Qe7 {[%emt 0:01:15]} 16. d5 {[%emt 0:02:09]} Nb4 {[%emt 0:08:55]} 17. d6 {[%emt 0:18:02]} Qd8 {[%emt 0:01:27]} 18. Bb1 {[%emt 0:02:18]} Nd5 {[%emt 0:14:34]} 19. Qd2 {[%emt 0:03:21]} h6 {[%emt 0:05:49]} 20. h4 {[%emt 0:09:18]} Qb6 {[%emt 0:12:35]} 21. Rc5 {[%emt 0:04:54]} Bd8 {[%emt 0:01:43]} 22. Ne5 {[%emt 0:00:24]} f5 {[%emt 0:03:10]} 23. Nd7 {[%emt 0:00:46]} Qa7 {[%emt 0:01:21]} 24. Nxf8 {[%emt 0:01:42]} Kxf8 {[%emt 0:00:41]} 25. Rxd5 {[%emt 0:00:34]} Bxd5 {[%emt 0:00:25]} 26. Nc3 {[%emt 0:00:47]} Qc5 {[%emt 0:12:11]} 27. Bxf5 {[%emt 0:02:15]} exf5 {[%emt 0:00:14]} 28. Qxd5 {[%emt 0:00:37]} Qxd5 {[%emt 0:00:38]} 29. Nxd5 {[%emt 0:00:05]} Bxh4 {[%emt 0:00:11]} 30. g3 {[%emt 0:01:55]} Bf6 {[%emt 0:03:12]} 31. Nxf6 {[%emt 0:00:10]} gxf6 {[%emt 0:00:07]} 32. Re6 {[%emt 0:00:02]} Kf7 {[%emt 0:02:38]} 33. Re7+ {[%emt 0:00:05]} Kg6 {[%emt 0:00:06]} 34. d7 {[%emt 0:00:13]} Rd8 {[%emt 0:00:11]} 35. f4 {[%emt 0:00:11]} Kh5 {[%emt 0:01:49]} 36. b4 {[%emt 0:00:07]} Kg6 {[%emt 0:00:50]} 37. Kf2 {[%emt 0:00:07]} Kh5 {[%emt 0:00:26]} 38. Rg7 {[%emt 0:00:17]} Rb8 {[%emt 0:01:50]} 39. Ke3 {[%emt 0:00:07]} a5 {[%emt 0:00:43]} 40. bxa5 {[%emt 0:00:06]} b4 {[%emt 0:00:03]} 41. Re7 {[%emt 0:00:11]} b3 {[%emt 0:00:17]} 42. axb3 {[%emt 0:00:05]} Rxb3+ {[%emt 0:00:04]} 43. Kd2 {[%emt 0:00:06]} 1-0

[Event "31st Roquetas de Mar Open 2020"]
[Site "Roquetas de Mar"]
[Date "2020.01.05"]
[Round "5.17"]
[White "Khudov, Oleksandr"]
[Black "Real De Azua, Ernesto"]
[Result "1/2-1/2"]
[WhiteElo "2234"]
[BlackElo "2456"]
[Annotator "TA"]
[PlyCount "188"]
[EventDate "2020.01.02"]
[EventType "swiss"]
[EventCountry "ESP"]
[SourceTitle "playchess.com"]
[Source "ChessBase"]
[SourceQuality "1"]

{[%evp 9,188,0,0,0,-3,-20,-20,-16,-15,-12,0,-15,-20,-9,66,61,55,45,69,18,25,26,25,6,14,7,27,0,36,0,0,-14,0,-22,-16,-21,-18,-18,-17,-18,-4,-5,0,0,0,-21,-9,-12,-9,-11,-8,-12,-4,-15,-16,-16,0,0,0,-1,-6,-18,0,-8,0,0,0,-10,0,0,0,-29,-25,-32,-17,-19,-25,-20,0,-27,-27,-27,-19,-25,0,-19,0,0,0,0,16,10,10,10,16,16,178,163,221,224,231,244,227,212,247,228,281,274,240,80,165,0,0,0,0,0,0,0,0,0,0,0,0,0,0,0,0,0,0,0,0,0,0,0,0,0,0,0,0,0,0,0,0,0,0,0,0,0,0,0,0,0,0,0,0,0,0,0,0,0,0,0,0,0,0,0,0,0,0,0,0,0,0,0,0,0,0,0,0,0,0]} 1. d4 g6 2. Bf4 Bg7 3. e3 d6 4. Nf3 Nd7 5. h3 e5 6. dxe5 {A41: 1 d4 d6: Tartakower System and Modern Defence} (6. Bh2 Ne7 7. Be2 O-O 8. O-O b6 9. c4 Bb7 10. Nc3 h6 11. Rc1 g5 12. b4 Ng6 13. dxe5 dxe5 14. Qc2 a5 {½-½ (56) Grachev,B (2654)-Fedoseev,V (2731) Sochi 2017}) 6... dxe5 7. Bh2 Qe7 8. Nc3 c6 9. Qd2 Ngf6 10. O-O-O O-O $1 11. Qd6 Re8 $146 ({Black should try} 11... Qxd6 $11 12. Rxd6 Nc5) ({Predecessor:} 11... Qxd6 12. Rxd6 Re8 13. Bc4 Bf8 14. Rdd1 h6 15. Rhf1 Kg7 {½-½ (15) Yepes Martinez,E (2267)-Manera Lopez,J (2170) Catalunya 2009}) 12. Qxe7 $1 $14 Rxe7 13. a4 Ne8 14. e4 (14. Ng5 $14) 14... f6 15. Bc4+ Kf8 16. Ba2 Nc5 17. Kb1 Be6 18. Bxe6 Nxe6 19. Rhe1 Bh6 20. b3 Rc7 21. Ng1 Ke7 22. Nge2 Rd7 23. Rxd7+ Kxd7 24. Rd1+ Ke7 25. Bg1 Rd8 26. Rxd8 Kxd8 27. Kb2 Bf8 28. Na2 a5 29. Nac1 Bc5 30. Nd3 Bb6 31. Bh2 Nd6 32. f3 Ke7 33. Bg3 Be3 34. Be1 b6 35. c3 h5 36. Kc2 Kd7 37. Bh4 g5 38. Be1 h4 39. Nb2 b5 40. g3 hxg3 41. Bxg3 Nf7 42. Kd3 Bb6 43. Nc1 Nh8 44. Ke2 Ng6 45. Ncd3 Kd6 46. Nd1 Kd7 47. N1f2 Bxf2 48. Bxf2 $11 {[%mdl 4096] Endgame KBN-KNN} Kc7 49. Kd2 Kb7 50. Nc5+ Nxc5 51. Bxc5 {KB-KN} Kc7 52. Ke3 Kb7 $2 (52... Nf4 $11 {and Black stays safe.}) 53. Kf2 $1 $18 Nf4 (53... Kc8 $142) 54. Be7 Nxh3+ {[#]} 55. Ke3 $1 Nf4 56. Bxf6 bxa4 57. bxa4 Ne6 58. Bxe5 Nc5 59. Bd4 $2 (59. Kd4 $18 Nxa4 60. Bf6) 59... Nxa4 $16 {[#]} 60. c4 $2 (60. Bf6 $1 $18) 60... c5 $11 {The position is equal.} 61. Bg7 Kc6 62. Kd3 Nb6 63. Kc3 a4 64. Bf6 a3 65. Bxg5 {Kb3 is the strong threat.} (65. Kb3 {feels hotter.} a2 66. Bb2 Kc7 67. Be5+ Kd7 68. Bc3) 65... a2 66. Kb2 Nxc4+ 67. Kxa2 {Threatens to win with Kb3.} Ne5 68. f4 Nc4 69. f5 {And now Bf4 would win.} Nd6 70. f6 Kd7 71. e5 Nf7 72. Bf4 (72. e6+ {is interesting.} Kxe6) 72... Ke6 73. Kb3 Kd5 74. Bh2 Nd8 75. Bf4 Nf7 76. Ka4 Nd8 77. Kb5 Nf7 78. Ka4 Nd8 79. Ka3 Nf7 80. Kb3 Nd8 81. Kc3 Nf7 82. Bh2 (82. e6 {looks sharper.} Kxe6) 82... Nd8 83. Kd3 Nf7 84. Ke3 c4 85. Bg3 Nd8 86. Kf4 Ke6 87. Ke4 {aiming for Be1.} Nc6 88. Bf4 c3 89. Kd3 Nb4+ 90. Kc4 Nd5 91. f7 Nb6+ 92. Kb5 Nd7 93. Kc6 Nxe5+ 94. Bxe5 Kxf7 {Accuracy: White = 51%, Black = 57%.} 1/2-1/2

[Event "31st Roquetas de Mar Open 2020"]
[Site "Roquetas de Mar"]
[Date "2020.01.05"]
[Round "6.1"]
[White "Harutyunian, Tigran K."]
[Black "Grigoryan, Karen H."]
[Result "1/2-1/2"]
[WhiteElo "2533"]
[BlackElo "2632"]
[Annotator "RC"]
[PlyCount "32"]
[EventDate "2020.01.02"]
[EventType "swiss"]
[EventCountry "ESP"]
[SourceTitle "playchess.com"]
[Source "ChessBase"]
[SourceQuality "1"]
[TimeControl "5400+30"]

1. d4 d5 2. c4 dxc4 3. e4 Nf6 4. e5 Nd5 5. Bxc4 Nb6 6. Bb3 Nc6 7. Nf3 Bg4 8. Ng5 Bxd1 9. Bxf7+ Kd7 10. Be6+ Ke8 11. Bf7+ Kd7 12. Be6+ Ke8 13. Bf7+ Kd7 14. Be6+ Ke8 15. Bf7+ Kd7 16. Be6+ Ke8 1/2-1/2

[Event "31st Roquetas de Mar Open 2020"]
[Site "Roquetas de Mar"]
[Date "2020.01.05"]
[Round "6.2"]
[White "Bernadskiy, Vitaliy"]
[Black "Pridorozhni, Aleksei"]
[Result "1-0"]
[WhiteElo "2588"]
[BlackElo "2601"]
[Annotator "TA"]
[PlyCount "79"]
[EventDate "2020.01.02"]
[EventType "swiss"]
[EventCountry "ESP"]
[SourceTitle "playchess.com"]
[Source "ChessBase"]
[SourceQuality "1"]

{[%evp 17,79,37,28,19,21,23,16,9,14,12,24,31,42,46,50,22,79,79,81,83,92,93,109,69,167,177,164,114,143,100,100,107,100,104,104,102,483,485,444,413,500,499,461,445,670,670,685,650,636,622,844,802,1059,1048,1650,1518,1947,1743,6627,6146,29971,29972,29964,11720]} 1. e4 e5 2. Nf3 Nf6 3. Nxe5 d6 4. Nf3 Nxe4 5. d4 d5 6. Bd3 Bf5 7. O-O Be7 8. c4 O-O 9. Re1 Nc6 10. Nc3 {C42: Petroff Defence: 3 Nxe5 and unusual White 3rd moves} (10. cxd5 Qxd5 11. Nc3 Nxc3 12. bxc3 Bxd3 13. Qxd3 Rae8 14. Rb1 b6 15. Bf4 Bd6 16. Ng5 f5 17. Rxe8 Rxe8 {½-½ (42) Anand,V (2756)-So,W (2776) Saint Louis 2019}) 10... Nxc3 11. bxc3 Bxd3 12. Qxd3 {The position is equal.} dxc4 13. Qxc4 Na5 14. Qd3 Bf6 15. Bf4 Rc8 $146 ({Predecessor:} 15... c6 16. Nd2 b5 17. Qg3 Qd5 18. Be5 Bxe5 19. Rxe5 {1-0 (42) Kobo,O (2427)-Kolbus,D (2300) Douglas 2015}) 16. Rac1 c5 (16... b6 $11 {keeps the balance.}) 17. d5 $16 c4 18. Qd2 b6 19. d6 Qd7 20. Be5 {[#] Black must now prevent Bxf6.} Rfe8 (20... Bd8 $1 $14) 21. Bxf6 $18 gxf6 22. Qf4 Nb7 23. Rcd1 $36 {[%mdl 2048] Rxe8+ is the strong threat. White is in control.} Rxe1+ 24. Rxe1 {Strongly threatening Re7.} Re8 25. Rxe8+ ({Reject} 25. Qxf6 $6 Rxe1+ 26. Nxe1 Qxd6 $11) 25... Qxe8 26. Qxf6 Qe4 $2 {[%mdl 8192] [#]} (26... Qe2 $16 27. g3 Qd1+ 28. Kg2 Qxd6 29. Qg5+ Qg6) 27. Qxf7+ $1 {[%mdl 64] Decoy} Kxf7 28. Ng5+ {[%mdl 64] Double Attack} Kf6 {[%cal Re4e1]} 29. Nxe4+ {[%mdl 4096] Endgame KN-KN} Ke6 30. f3 h6 (30... b5 $142 31. Kf2 Nxd6 32. Nxd6 Kxd6) 31. Kf2 Nd8 32. Ke3 Nc6 33. g4 b5 34. f4 a5 35. a3 b4 36. cxb4 axb4 37. axb4 Nxb4 38. Kd4 Nc2+ 39. Kxc4 Ne3+ 40. Kc5 {Accuracy: White = 89%, Black = 33%.} 1-0

[Event "31st Roquetas de Mar Open 2020"]
[Site "Roquetas de Mar"]
[Date "2020.01.05"]
[Round "6.3"]
[White "Lu, Shanglei"]
[Black "Cruz Lledo, Pablo"]
[Result "1-0"]
[WhiteElo "2611"]
[BlackElo "2452"]
[Annotator "TA"]
[PlyCount "111"]
[EventDate "2020.01.02"]
[EventType "swiss"]
[EventCountry "ESP"]
[SourceTitle "playchess.com"]
[Source "ChessBase"]
[SourceQuality "1"]

{[%evp 11,111,0,25,20,29,29,34,0,2,18,25,29,51,46,60,62,85,12,26,13,45,4,64,56,85,72,113,116,267,254,285,279,264,233,235,240,239,199,217,206,467,474,808,767,807,797,824,785,730,804,793,721,517,245,233,180,210,35,40,0,0,0,0,0,0,0,0,0,0,0,0,0,925,813,29971,29972,29972,29973,6448,1366,6444,545,6436,4511,29985,29986,29986,29987,29987,29988,29988,29989,29991,29992,29992,29993,29994,29995,29995,29996,29998,29999]} 1. e4 c6 2. d4 d5 3. e5 Bf5 4. h4 h5 5. c4 e6 6. Nc3 Be7 7. Bd3 {B12: Caro-Kann: Advance Variation} (7. Nge2 dxc4 8. Ng3 Bd3 9. Bxd3 cxd3 10. Qxd3 Na6 11. Be3 Nb4 12. Qe2 g6 13. Nge4 Nh6 14. Bg5 Nf5 {1-0 (53) Wang,H (2735)-Nepomniachtchi,I (2721) Beijing 2013}) 7... Bxd3 8. Qxd3 Nh6 9. Nf3 {White is slightly better.} Nf5 10. Bg5 Na6 $146 {[%cal Bb8a6,Ba6c7,Bc7b5][%mdl 32]} ({Predecessor:} 10... a6 11. a3 b5 12. cxd5 cxd5 13. Rc1 Qd7 14. Bxe7 Nxe7 {½-½ (47) Dominguez Aguilar,G (2324)-Al Huwar,J (2245) Batumi 2018}) 11. c5 Nc7 12. g3 b5 13. Bd2 a5 14. Ng5 (14. a4 $16) 14... b4 15. Ne2 Nb5 16. f3 Rf8 (16... Qc8 $11) 17. O-O-O $14 Kd7 18. Rdf1 Kc8 19. g4 Nxh4 $2 {[#]} (19... Nh6 $16) 20. f4 $1 $18 (20. Rxh4 Bxg5 21. Rxh5 Bxd2+ 22. Kxd2 (22. Qxd2 Rh8 $14) 22... Rh8 $14) 20... Ng6 {[#]} 21. Nxf7 $1 {[%mdl 512]} Qe8 (21... Rxf7 22. Qxg6) 22. Nd6+ (22. Qxg6 $6 Qxf7 23. gxh5 Qxg6 $18) 22... Bxd6 23. cxd6 hxg4 24. f5 exf5 25. Rxf5 {Strongly threatening Rg5.} Kb7 $2 (25... Rf7 26. Rg5 Nf8) 26. Rg5 $1 {[%csl LRg4,LRg6][%mdl 64] Double Attack, Discovered Attack} Rh8 (26... Nxd6 $142 27. Rxg6 Ne4) 27. Rxh8 Nxh8 28. Rxg7+ Kb6 29. Qc2 Nf7 30. Qc5+ Ka6 31. Nf4 Nd8 32. Nd3 (32. a4 $142 bxa3 33. bxa3) 32... Ra7 33. Rxg4 Rh7 34. Rg1 $2 ({White must play} 34. a4 $18 bxa3 35. bxa3 Rh1+ 36. Kb2) 34... Ne6 $14 35. Qc2 {And now Nxb4+! would win.} (35. Rg8 $5 Qxg8 36. Qxc6+ Ka7 37. Qxb5 Qg1+ 38. Ne1 Qxd4 39. Qxa5+ Kb7 40. Qb5+ (40. Qxb4+ Qxb4 41. Bxb4 Kc6 $11) 40... Ka7 41. Qa5+ (41. Qxb4 Qxe5 42. Qa5+ Kb8 $11) 41... Kb7 42. Qb5+ (42. Qxb4+ Qxb4 43. Bxb4 Kc6 $11) 42... Ka7 43. Qa5+ $11 (43. Qxb4 Qxe5 44. Qa5+ Kb8 $11)) 35... Nbxd4 36. Nxb4+ axb4 37. Qxh7 Ne2+ 38. Kc2 Nxg1 39. Be3 {Threatening mate with Qa7+.} c5 {...Qb5 is the strong threat.} 40. Qd3+ c4 41. Qxd5 Qg6+ $2 {[%mdl 8192]} (41... Nd4+ $11 42. Kc1 (42. Qxd4 Qg6+ 43. Kd1 Qh5+ 44. Kc2 Qf5+ 45. Kd1 Qf1+ 46. Kc2 Qf5+ 47. Kd1 Qf1+ 48. Kc2 Qf5+ $11) (42. Kd1 Qh5+ 43. Kc1 Nge2+ 44. Kd2 Nf3+ 45. Kxe2 Nd4+ {[%mdl 64] Discovered Attack (Double check)} 46. Kf2 Qe2+ {[%mdl 64] Double Attack} 47. Kg3 Qxe3+ 48. Kg4 Qg1+ 49. Kh4 Qf2+ 50. Kg4 Qf5+ 51. Kg3 Qd3+ 52. Kg2 Qe2+ 53. Kg3 Qd3+ 54. Kg2 Qd2+ 55. Kh3 Kb6 $17) 42... Nge2+ 43. Kd2 c3+ 44. bxc3 bxc3+ 45. Ke1 c2 46. Qc4+ Ka5 47. Bd2+ (47. Qc7+ Kb5 $17) 47... Kb6) 42. Kd2 $18 {Intending Qc6+ and mate.} c3+ 43. bxc3 bxc3+ 44. Kxc3 Ne2+ 45. Kd2 (45. Kb2 $142 Qb1+ 46. Ka3) 45... Ng3 46. Qc6+ Ka5 {intending ...Nf1+.} 47. d7 Qe4 48. Qb6+ {White mates.} Ka4 49. Qa6+ Kb4 50. a3+ Kb3 51. Qxe6+ Kb2 52. Qb6+ Ka2 53. d8=Q Nf1+ 54. Kc3 {[%csl Gc3][%cal Rb6b2]} Qxe5+ 55. Qdd4 {[%csl Gc3][%cal Rb6b2]} Qh2 56. Qb3+ {Accuracy: White = 65%, Black = 44%.} 1-0

[Event "31st Roquetas de Mar Open 2020"]
[Site "Roquetas de Mar"]
[Date "2020.01.05"]
[Round "6.4"]
[White "Sadzikowski, Daniel"]
[Black "Sivuk, Vitaly"]
[Result "1/2-1/2"]
[WhiteElo "2501"]
[BlackElo "2579"]
[Annotator "TA"]
[PlyCount "77"]
[EventDate "2020.01.02"]
[EventType "swiss"]
[EventCountry "ESP"]
[SourceTitle "playchess.com"]
[Source "ChessBase"]
[SourceQuality "1"]

{[%evp 15,77,9,25,30,22,17,29,13,22,8,15,7,37,18,14,6,8,3,3,0,8,0,0,0,18,18,16,13,22,2,10,0,0,0,0,0,6,9,8,6,11,4,5,0,0,0,31,4,6,4,6,0,0,0,0,0,0,0,0,0,0,0,0,0]} 1. d4 Nf6 2. c4 e6 3. g3 Bb4+ 4. Nd2 c5 5. a3 Bxd2+ 6. Qxd2 cxd4 7. Nf3 d5 8. Bg2 O-O 9. cxd5 {E01: Catalan: Early deviations} Qxd5 10. Qxd4 Nc6 11. Qxd5 {White has an edge.} Nxd5 12. Bd2 (12. b4 b6 13. Bd2 {½-½ (43) Romanov,E (2628)-Yanchenko,R (2462) Yaroslavl 2018}) 12... b6 13. O-O {[#]} Bb7 $146 ({Predecessor:} 13... Ba6 14. Rfc1 Rac8 15. e3 Rfd8 16. Bf1 Bb7 {0-1 (29) Debray,C (2328)-Kurajica,B (2517) Las Palmas 2017}) 14. Rfd1 Rfd8 15. Rac1 Rac8 16. Bg5 f6 17. e4 Nc7 18. Be3 (18. Bd2 {with more complications.} h6 19. Be3 Ne8 20. Rxd8 Rxd8 21. Bh3) 18... Rxd1+ 19. Rxd1 Rd8 20. Rxd8+ Nxd8 21. Nd2 Kf8 22. Bf3 Ke7 23. Bd1 e5 24. f3 Nc6 25. Kf2 Nb5 26. Be2 Nbd4 27. Bd3 Bc8 28. f4 Be6 29. Nf3 (29. b4 {keeps more tension.} Bg4 30. Nb1 Be6 31. Bc1 a5 32. b5) 29... Nxf3 30. Kxf3 $11 {[%mdl 4096] Endgame KBB-KBN} h6 31. b4 Kd6 {The position is equal.} 32. h4 (32. Ke2 {seems wilder.} Bb3 33. Kd2 Ba4 34. Bc4 Nd8 35. Kd3) 32... Nd4+ 33. Bxd4 (33. Kf2 {is more complex.} Bb3 34. Bc1 Ba4 35. Bb2 g5 36. Ke3) 33... exd4 {KB-KB} 34. Ke2 Ba2 35. Kd2 Kc6 $1 36. Kc2 b5 $1 37. Kd2 Be6 38. Be2 Kb6 39. Bf3 {Accuracy: White = 42%, Black = 71%.} 1/2-1/2

[Event "31st Roquetas de Mar Open 2020"]
[Site "Roquetas de Mar"]
[Date "2020.01.05"]
[Round "6.5"]
[White "Vazquez Igarza, Renier"]
[Black "Wieczorek, Oskar"]
[Result "0-1"]
[WhiteElo "2552"]
[BlackElo "2490"]
[Annotator "TA"]
[PlyCount "80"]
[EventDate "2020.01.02"]
[EventType "swiss"]
[EventCountry "ESP"]
[SourceTitle "playchess.com"]
[Source "ChessBase"]
[SourceQuality "1"]

{[%evp 24,80,4,14,11,16,24,0,0,0,12,14,90,7,9,18,40,41,141,142,158,71,36,33,29,30,81,45,40,40,52,40,40,0,4,4,4,14,14,-9,-9,-10,-10,-14,-14,-204,-12,-237,-230,-238,-230,-230,-230,-230,-230,-234,-234,-12841,-12841]} 1. Nf3 Nf6 2. c4 g6 3. Nc3 Bg7 4. e4 d6 5. d4 O-O 6. Be2 e5 7. Be3 exd4 8. Nxd4 Re8 9. f3 c6 10. Bf2 d5 11. exd5 cxd5 12. O-O Nc6 13. c5 a6 {E92: King's Indian: Classical: 6 Be2 e5: 7 dxe5, 7 Be3 and Petrosian System without 7...Nbd7} (13... Nh5 14. Qd2 Be5 15. g3 Ng7 16. Rfe1 Bf5 17. Rad1 Bxd4 18. Bxd4 Ne6 19. Bf2 d4 20. Nb5 Nxc5 21. Nxd4 Nxd4 22. Qxd4 Qxd4 23. Bxd4 Nd3 24. Bxd3 Rxe1+ 25. Rxe1 Bxd3 {½-½ (38) Inarkiev,E (2693)-Grischuk,A (2771) St Petersburg 2018}) 14. Qd2 Bd7 15. Nxc6 $146 ({Predecessor:} 15. Rfd1 Ne5 16. b3 Rc8 17. Nc2 Bc6 18. Bd4 Qe7 19. Re1 Qc7 20. a4 Re6 21. b4 {0-1 (39) Wells,P (2419)-Rudd,J (2213) Cardiff 2016}) 15... Bxc6 {The position is equal.} 16. Rad1 Nd7 17. Rfe1 Nf8 (17... Nf6 $11) 18. b4 (18. Nxd5 $16 {Strongly threatening Bc4.} Qxd5 19. Qxd5 Bxd5 20. Rxd5) 18... Ne6 19. Bf1 {[%cal Rc3d5]} d4 20. Ne4 Bd5 (20... Bxe4 $14 21. Rxe4 b6) 21. Nd6 $16 Rf8 {[#]} 22. Qc2 ({White must play} 22. f4 $1) 22... a5 23. Bc4 Bxc4 24. Qxc4 axb4 {[#]} (24... Qd7 $11) 25. Nxf7 $1 {[%mdl 512]} Rxf7 26. Rxe6 {[%cal Rf2d4]} Qa5 $1 27. Bxd4 Qxa2 28. Re8+ Bf8 $132 {[%mdl 2048] Black has counterplay} 29. Qxa2 Rxa2 30. Rb1 Rd7 31. Be3 {And now Bh6 would win.} Kf7 32. Re4 $1 Rd3 {aiming for ...Rxe3!} 33. Kf1 $1 b3 {Hoping for ...Bg7.} 34. Bg1 $2 {[#]} (34. Re1 $11 {and White stays safe.}) 34... b2 $2 (34... Rc2 $1 $19 {...b2 is the strong threat.} 35. Rb4 {[%mdl 64] Double Attack} b2 36. Rxb7+ Kg8 37. R7xb2 Rxb2 38. Rxb2 Rd1+ 39. Ke2 Rxg1) 35. Rb4 $2 (35. Ke2 $1 $11 Rc3 36. Kd2) 35... Ra1 $19 36. Rxb7+ Kg8 37. R7xb2 Rd1+ 38. Rxd1 Rxd1+ 39. Ke2 Rxg1 40. c6 $2 (40. Kd3) 40... Rxg2+ {Accuracy: White = 31%, Black = 45%.} 0-1